[Event "3rd Terre degli Elimi"]
[Site "Erice ITA"]
[Date "2012.07.27"]
[Round "3"]
[White "Amato,A"]
[Black "Santagati,A"]
[Result "1-0"]
[WhiteElo "2263"]
[BlackElo "2230"]

1.Nf3 Nf6 2.c4 g6 3.g3 Bg7 4.Bg2 O-O 5.O-O d6 6.Nc3 Nbd7 7.d3 a5 8.a3 c6
9.Rb1 d5 10.cxd5 Nxd5 11.Bd2 h6 12.Qc1 Kh7 13.b4 axb4 14.axb4 N7f6 15.b5 Bd7
16.Ne5 Nxc3 17.Bxc3 cxb5 18.Qb2 Be6 19.Qxb5 Ra2 20.Bb2 Bd5 21.e4 Ra5 22.Qb4 Bc6
23.Nxc6 bxc6 24.Bc3 Rb5 25.Qc4 Qb6 26.Rxb5 cxb5 27.Qb4 Rc8 28.e5 Nd7 29.Bd4 Qe6
30.f4 f6 31.f5 gxf5 32.Bh3 Qd5 33.Bxf5+ Kh8 34.exf6 exf6 35.Be4 Qg5 36.Bf5 Rc2
37.Bxd7 Qd5 38.Bh3 Rc4 39.dxc4 Qxd4+ 40.Kh1 bxc4 41.Qb8+  1-0

[Event "PAB Romania Open 2012"]
[Site "Arad ROU"]
[Date "2012.07.28"]
[Round "2.6"]
[White "Toma,Ra"]
[Black "Jianu,V"]
[Result "1/2-1/2"]
[WhiteElo "2078"]
[BlackElo "2507"]

1.c4 g6 2.Nf3 Bg7 3.g3 Nf6 4.Bg2 O-O 5.O-O d6 6.Nc3 Nbd7 7.d4 e5 8.e4 a6
9.Re1 Re8 10.h3 exd4 11.Nxd4 Ne5 12.b3 c5 13.Nc2 Be6 14.Bb2 Rb8 15.Nd5 Nxd5
16.cxd5 Bd7 17.Rb1 f5 18.h4 f4 19.gxf4 Ng4 20.Bxg7 Kxg7 21.Qf3 Qxh4 22.Qg3 Qe7
23.Bf3 Nh6 24.b4 Rbc8 25.Ne3 b5 26.Rec1 cxb4 27.Rxc8 Rxc8 28.e5 Nf5 29.Nxf5+ Bxf5
30.Rb3 a5 31.Bg4 Rc1+ 32.Kg2 Bb1 33.Qe3 Bxa2 34.Qxc1 Bxb3 35.Qc6 dxe5 36.d6 Qh4
37.f3 exf4 38.Qc7+ Kh6 39.d7 Qg3+ 40.Kh1 Qe1+ 41.Kh2 Qf2+ 42.Kh1 Qf1+ 43.Kh2 Qf2+
44.Kh1 Qf1+ 45.Kh2 Qf2+  1/2-1/2

[Event "PAB Romania Open 2012"]
[Site "Arad ROU"]
[Date "2012.07.28"]
[Round "2.17"]
[White "Szalai,K"]
[Black "Pavel,Se"]
[Result "1-0"]
[WhiteElo "2413"]
[BlackElo "2013"]

1.Nf3 Nf6 2.c4 g6 3.g3 Bg7 4.Bg2 O-O 5.O-O d6 6.Nc3 Nc6 7.Rb1 e5 8.d3 h6
9.b4 Nh5 10.Nd5 Ne7 11.Nxe7+ Qxe7 12.Nd2 a6 13.a4 c6 14.Qb3 Be6 15.b5 axb5
16.axb5 Rfd8 17.bxc6 bxc6 18.Bxc6 Rab8 19.Qxb8 Rxb8 20.Rxb8+ Kh7 21.Bg2 Qc7
22.Rb5 Bg4 23.Re1 Qa7 24.Rb7 Qa4 25.Rxf7 Bxe2 26.Rxe2 Qd1+ 27.Bf1 Qxc1 28.Ne4 Qa3
29.Re3 Kg8 30.Rd7 Nf6 31.Nxf6+ Bxf6 32.Rf3 Bg7 33.Rd8+  1-0

[Event "21st Kavala Open A"]
[Site "Kavala GRE"]
[Date "2012.07.28"]
[Round "5"]
[White "Maghalashvili,Da"]
[Black "Navalgund,N"]
[Result "1-0"]
[WhiteElo "2472"]
[BlackElo "2130"]

1.Nf3 Nf6 2.c4 g6 3.g3 Bg7 4.Bg2 O-O 5.O-O d6 6.d4 c6 7.Nc3 Qa5 8.e4 Bg4
9.h3 Bxf3 10.Bxf3 Nbd7 11.Be3 e5 12.d5 cxd5 13.cxd5 Rfc8 14.a3 Qd8 15.Rc1 a6
16.Bg2 Nb6 17.Rc2 Nc4 18.Bc1 Qb6 19.Kh2 Nd7 20.Nb1 Qb3 21.f4 Bf8 22.Rff2 Ne3
23.Bxe3 Qxe3 24.Nc3 exf4 25.gxf4 Bh6 26.Qg4 Nf6 27.Qh4 Nh5 28.Rf3 Bxf4+ 29.Kh1 Bg3
30.Qg4 f5 31.exf5 Qe1+ 32.Rf1 Qe8 33.Re2 Be5 34.Ne4 Kh8 35.Nxd6 Ng3+ 36.Qxg3 Bxg3
37.Nxe8 Rxe8 38.Re6 gxf5 39.Rxf5 Rf8 40.Rxf8+ Rxf8 41.Re7 Rc8 42.Rxb7 Rc1+
43.Bf1 Be5 44.Kg2 Rc2+ 45.Kf3 Rxb2 46.Ra7 Rb3+ 47.Ke4 Bd6 48.Rxa6 Bxa3 49.d6 Kg7
50.d7 Be7 51.Ra8 Rb4+ 52.Kf5 Rd4 53.Ke6 Re4+ 54.Kd5 Rf4 55.Be2 Rf2 56.Bh5 Bh4
57.Ke6 Rf6+ 58.Ke5 Rb6 59.Be2 Rb2 60.Bd3 Rh2 61.d8=Q Bxd8 62.Rxd8 Rxh3 63.Bf5 Rh1
64.Rd7+ Kg8 65.Kf6 Rh6+ 66.Kg5 Rh1 67.Be6+ Kf8 68.Kf6 Rh6+ 69.Ke5 Rh1 70.Rc7 Rh2
71.Kd6 Rh6 72.Rf7+ Kg8 73.Rb7+ Kh8 74.Ke5 Rg6 75.Kf5 Rg3  1-0

[Event "99th ch-GBR 2012"]
[Site "North Shields ENG"]
[Date "2012.07.28"]
[Round "6.12"]
[White "Waters,C"]
[Black "Poobalasingam,P"]
[Result "1-0"]
[WhiteElo "2106"]
[BlackElo "2263"]

1.Nf3 Nf6 2.c4 g6 3.g3 Bg7 4.Bg2 O-O 5.O-O d6 6.Nc3 e5 7.d3 Nbd7 8.Rb1 Re8
9.e4 Nf8 10.b4 a6 11.a4 a5 12.b5 h6 13.Nd5 Nxd5 14.cxd5 c6 15.dxc6 bxc6 16.bxc6 Qc7
17.d4 Qxc6 18.d5 Qc7 19.Ba3 Ba6 20.Re1 Nd7 21.Bf1 Nc5 22.Bxa6 Nxa6 23.Qc1 Qxc1
24.Rexc1 f5 25.exf5 e4 26.Nh4 Bd4 27.Rc4 Bc5 28.Bxc5 Nxc5 29.Rb6 Red8 30.fxg6 Rab8
31.Rxb8 Rxb8 32.Nf5 Rb4 33.Nxd6 Rxc4 34.Nxc4 Kg7 35.Nxa5 Nxa4 36.d6 Nc5 37.Nb3 Nd7
38.Nd2 e3 39.fxe3 Kxg6 40.Kf2 Kf5 41.e4+ Ke5 42.Ke3 Kxd6 43.Kf4 Ke6 44.Nf3 Kf6
45.e5+ Ke6 46.g4 Nb6 47.Ke4 Nc4 48.Nd4+ Kf7 49.Nf5 Ke6 50.Nd4+ Kf7 51.h3 Kg6
52.Ne6 Kf7 53.Nf4 Ke7 54.Kf5 Ne3+ 55.Kg6 Nc4 56.e6 Nd6 57.Kxh6 Kf6 58.Nh5+ Kxe6
59.Kg6 Ne4 60.h4 Ke5 61.g5 Nc5 62.Nf6 Ne6 63.h5 Kf4 64.Nh7 Kg4 65.h6 Nf4+
66.Kf6 Kh5 67.Kf5 Nd5 68.Nf6+  1-0

[Event "27th Avoine Open"]
[Site "Avoine FRA"]
[Date "2012.07.29"]
[Round "9.2"]
[White "Petre,NT"]
[Black "Inkiov,V"]
[Result "1/2-1/2"]
[WhiteElo "2362"]
[BlackElo "2460"]

1.c4 Nf6 2.Nf3 g6 3.g3 Bg7 4.Bg2 O-O 5.O-O d6 6.Nc3 c5 7.d4 Nc6 8.dxc5 dxc5
9.Be3 Qa5 10.Qa4 Qb4 11.Qb5 Nd7 12.Rac1 Nb6 13.Bxc5 Qxc4 14.Qxc4 Nxc4 15.b3 Nb6
16.Nb5 Nd7 17.Nfd4 Nxc5 18.Nxc6 bxc6 19.Rxc5 Bg4 20.Bxc6 Rac8 21.Rfc1 a6
22.Nc3 Rfd8 23.Nd5 Bf8 24.f3 e6 25.Nf6+ Kg7 26.R5c4 Bh3 27.Ne4 Ba3 28.Re1 e5
29.g4 h5 30.Nf2 hxg4 31.fxg4 Rd6 32.Bd5 Rxc4 33.Bxc4 Bb4 34.Rd1 Rxd1+ 35.Nxd1 a5
36.Nf2 Bc5 37.a3 e4 38.b4 axb4 39.axb4 Be3 40.g5 f5 41.gxf6+ Kxf6 42.Bd5 Ke5
43.Bc6 Kf4 44.b5 Bb6 45.Bxe4 Bxf2+ 46.Kxf2 Kxe4 47.b6 Bc8 48.Kg3 Ke5 49.h4 Kf5
50.e4+ Kxe4 51.h5 gxh5 52.Kh4 Kd5 53.Kxh5 Kc6 54.b7 Kxb7  1/2-1/2

[Event "99th ch-GBR 2012"]
[Site "North Shields ENG"]
[Date "2012.07.30"]
[Round "7.3"]
[White "Chapman,T"]
[Black "Hawkins,Jo"]
[Result "0-1"]
[WhiteElo "2290"]
[BlackElo "2499"]

1.Nf3 Nf6 2.c4 g6 3.g3 Bg7 4.Bg2 O-O 5.d4 d6 6.O-O c6 7.Nc3 Qa5 8.e4 e5 9.h3 Nbd7
10.Re1 exd4 11.Nxd4 Ne5 12.Nb3 Qb4 13.c5 dxc5 14.a3 Qb6 15.Be3 Rd8 16.Qc2 Nd3
17.Red1 Be6 18.Nxc5 Nxc5 19.b4 Bb3 20.Rxd8+ Qxd8 21.Qb1 Qd3  0-1

[Event "99th ch-GBR 2012"]
[Site "North Shields ENG"]
[Date "2012.07.30"]
[Round "7.9"]
[White "Waters,C"]
[Black "Rudd,J"]
[Result "0-1"]
[WhiteElo "2106"]
[BlackElo "2295"]

1.Nf3 Nf6 2.c4 g6 3.g3 Bg7 4.Bg2 O-O 5.O-O c5 6.Nc3 Nc6 7.d4 d6 8.dxc5 dxc5
9.Bf4 Be6 10.Qa4 Qb6 11.Qb5 Qxb5 12.cxb5 Nd4 13.Be5 Rad8 14.Rfd1 Nxf3+ 15.Bxf3 b6
16.e3 Nd7 17.Bxg7 Kxg7 18.Bd5 Bh3 19.Bg2 Bg4 20.f3 Be6 21.f4 Nf6 22.h3 h5
23.Kf2 Bc4 24.Bf3 Bd3 25.g4 hxg4 26.hxg4 c4 27.Kg3 e5 28.Bc6 exf4+ 29.exf4 Rd4
30.Re1 g5 31.Re5 gxf4+ 32.Kf3 Rh8 33.Rg5+ Kf8 34.Re1 Rh3+ 35.Kg2 Rg3+ 36.Kh1 Bg6
37.Ne2 Be4+ 38.Kh2 Rg2+ 39.Kh3 Rd3+  0-1

[Event "Dutch Open 2012"]
[Site "Dieren NED"]
[Date "2012.08.02"]
[Round "9.8"]
[White "Heemskerk,W"]
[Black "Houben,Jaap"]
[Result "1-0"]
[WhiteElo "2252"]
[BlackElo "2269"]

1.Nf3 Nf6 2.c4 g6 3.g3 Bg7 4.Bg2 O-O 5.O-O d6 6.d4 Nbd7 7.Nc3 e5 8.e4 exd4
9.Nxd4 Re8 10.Re1 a6 11.h3 Rb8 12.Rb1 Ne5 13.b3 c5 14.Nc2 Nc6 15.a4 Be6 16.Bb2 h5
17.Nd5 Bxd5 18.cxd5 Na5 19.f4 b5 20.e5 Nh7 21.Ne3 dxe5 22.f5 Qd6 23.axb5 axb5
24.Ra1 Nb7 25.h4 e4 26.Bxg7 Kxg7 27.Kh2 Nf6 28.fxg6 fxg6 29.Ra7 Qe5 30.Qe2 Qc3
31.d6 Qxb3 32.Qd2 Red8 33.Qa5 Rd7 34.Qb6 Qc3 35.Bh3 Rf7 36.Ng2 Qe5 37.d7 Nxd7
38.Bxd7 Rxd7 39.Qxb5 Re7 40.Rb1 Qd5 41.Nf4 Qd2+ 42.Kh1 Qc2 43.Rb2 Qd1+ 44.Kh2 g5
45.hxg5 h4 46.gxh4 Qd6 47.Qf1 Rf7 48.Kg2 Qe5 49.Rf2 e3 50.Nh5+ Kg6 51.Rxf7 Qd5+
52.Kg1 Qxf7 53.Ra6+  1-0

[Event "Politiken Cup 2012"]
[Site "Helsingor DEN"]
[Date "2012.08.02"]
[Round "7.1"]
[White "Burmakin,V"]
[Black "Larsen,Ka"]
[Result "1/2-1/2"]
[WhiteElo "2590"]
[BlackElo "2331"]

1.Nf3 Nf6 2.c4 g6 3.g3 Bg7 4.Bg2 O-O 5.O-O d6 6.d4 Nbd7 7.Nc3 a6 8.b3 Rb8
9.Bb2 c6 10.Nd2 c5 11.dxc5 Nxc5 12.b4 Ncd7 13.Rc1 Ne5 14.c5 d5 15.Na4 Nc6
16.a3 e5 17.Nb6 Be6 18.a4 Ne8 19.Qb3 Nc7 20.Rfd1 d4 21.Ndc4 Nd5 22.Nxd5 Bxd5
23.Bxd5 Qxd5 24.b5 axb5 25.axb5 Nd8 26.Qa4 Ne6 27.Nb6 Qe4 28.Qc2 Qg4 29.f3 Qh3
30.Nd7 Nf4 31.gxf4 Qxd7 32.fxe5 Bxe5 33.e3 Qxb5 34.Bxd4 Rfe8 35.Qc3 Bxd4
36.exd4 Re2 37.d5 Rbe8 38.Qd4 Rb2 39.Rd2 Rxd2 40.Qxd2 Re2 41.Qd4 Qb3 42.Ra1 f6
43.Qxf6 Qe3+ 44.Kh1 Re1+ 45.Rxe1 Qxe1+ 46.Kg2 Qd2+ 47.Kg3 Qxd5 48.Qe7 Qd4
49.h4 Qg1+ 50.Kf4 Qd4+ 51.Kg5 Qd5+ 52.Kg4 Qd4+ 53.Kh3 Qd5 54.Kg3 Qd4 55.Kh3 Qd5
56.Qe3 Kf7 57.Kg3 Kf6 58.Qf4+ Kg7 59.Qb4 Kg8 60.Kf2 Kg7 61.Kg3  1/2-1/2

[Event "Politiken Cup 2012"]
[Site "Helsingor DEN"]
[Date "2012.08.03"]
[Round "8.92"]
[White "Larsen,Mi"]
[Black "Jensen,Tobias Ilsoe"]
[Result "1/2-1/2"]
[WhiteElo "2067"]
[BlackElo "1812"]

1.Nf3 Nf6 2.c4 g6 3.g3 Bg7 4.Bg2 O-O 5.O-O d6 6.Nc3 e5 7.d3 Nc6 8.Rb1 a5
9.a3 Nh5 10.b4 axb4 11.axb4 f5 12.b5 Ne7 13.Bb2 Bd7 14.Ra1 Rxa1 15.Qxa1 Qc8
16.Qa3 Bf6 17.Ra1 f4 18.Ne4 fxg3 19.hxg3 Bh3 20.Nxf6+ Nxf6 21.Nxe5 Bxg2 22.Kxg2 Qe6
23.Nf3 Nh5 24.Qc3 Qg4 25.Qh8+ Kf7 26.Qxh7+ Ke6 27.Bc1 Nf5 28.Ng5+ Kf6 29.Ne4+ Ke6
30.Ng5+ Kf6 31.Ne4+  1/2-1/2

[Event "Politiken Cup 2012"]
[Site "Helsingor DEN"]
[Date "2012.08.04"]
[Round "9.8"]
[White "Burmakin,V"]
[Black "Zude,E"]
[Result "1-0"]
[WhiteElo "2590"]
[BlackElo "2384"]

1.Nf3 Nf6 2.c4 g6 3.g3 Bg7 4.Bg2 O-O 5.O-O d6 6.d4 Nc6 7.Nc3 a6 8.b3 Rb8
9.Nd5 Nd7 10.Bb2 e6 11.Nc3 Ne7 12.a4 c5 13.dxc5 Nxc5 14.b4 Qb6 15.Rb1 Qxb4
16.Qxd6 Bxc3 17.Bxc3 Qxc3 18.Qxb8 Nxa4 19.Rfc1 Qa3 20.Qe5 Nc6 21.Qf6 Qd6
22.h4 Nc5 23.h5 Qe7 24.Qxe7 Nxe7 25.hxg6 hxg6 26.Nd4 Nf5 27.Nb3 b6 28.Nxc5 bxc5
29.Rb6 Rd8 30.e3 Ne7 31.Rb8 Rd7 32.Bf3 Kg7 33.Rd1 Rc7 34.Rd8 f5 35.Bg2 Kf7
36.f4 Kf6 37.Kf2 g5 38.Bf3 g4 39.Bg2 Kf7 40.e4 fxe4 41.Bxe4 Kg7 42.Re8 Kf7
43.Rh8 Kf6 44.Rh6+ Kf7 45.Rh7+ Kf6 46.Rb1 Rd7 47.Rbh1 Ng8 48.Rxd7 Bxd7 49.Rh5  1-0

[Event "Jiraskuv Memorial GM 2012"]
[Site "Rakovnik CZE"]
[Date "2012.08.05"]
[Round "2"]
[White "Pribyl,Jo"]
[Black "Palek,M"]
[Result "1-0"]
[WhiteElo "2308"]
[BlackElo "2250"]

1.c4 Nf6 2.Nf3 g6 3.g3 Bg7 4.Bg2 O-O 5.Nc3 c6 6.O-O d5 7.cxd5 cxd5 8.d4 Nc6
9.Ne5 Nxe5 10.dxe5 Ng4 11.Qxd5 Nxe5 12.Bg5 Nc6 13.Rad1 Be6 14.Qb5 Qb6 15.a4 Nd4
16.Qxb6 axb6 17.Bxb7 Ra7 18.Be4 Bc4 19.Bd3 Bb3 20.Rd2 e5 21.Be3 f5 22.f4 Re8
23.fxe5 Bxe5 24.Kf2 Bg7 25.Bf4 Bf7 26.Rdd1 Bb3 27.Rc1 Ne6 28.Bb5 Rd8 29.Be3 Nc5
30.Kg2 Be5 31.h4 Kg7 32.h5 Bd4 33.Bg5 Rd6 34.e4 Bxc3 35.Rxc3 Bxa4 36.h6+ Kf7
37.Bc4+ Ke8 38.exf5 gxf5 39.Rxf5 Bc6+ 40.Kh3 Ra1 41.Re3+ Ne4 42.Re5+  1-0

[Event "16th HZ Open"]
[Site "Vlissingen NED"]
[Date "2012.08.05"]
[Round "2"]
[White "Karavade,E"]
[Black "Schuil,Jeroen"]
[Result "1-0"]
[WhiteElo "2371"]
[BlackElo "2018"]

1.Nf3 Nf6 2.c4 g6 3.g3 Bg7 4.Bg2 O-O 5.Nc3 d5 6.cxd5 Nxd5 7.O-O Nxc3 8.bxc3 c5
9.Rb1 Nc6 10.Qc2 Na5 11.d3 Qc7 12.Bd2 Bd7 13.c4 Rab8 14.Bf4 e5 15.Be3 b6
16.Ng5 Nc6 17.Ne4 Ne7 18.Nc3 Bc6 19.Bxc6 Qxc6 20.Qa4 Qxa4 21.Nxa4 f5 22.Kg2 Kf7
23.Rb3 Rbd8 24.Nc3 Rd7 25.f3 Ke6 26.Rc1 Rfd8 27.a4 Nc6 28.Nd5 h6 29.Rb5 g5
30.Bf2 Rb8 31.a5 Nxa5 32.Bxc5 Rc8 33.Be3 Rc6 34.Bf2 Nb7 35.e4 f4 36.Ra1 Nd6
37.Rb3 Nc8 38.h4 Kf7 39.Kh3 Bf8 40.Kg4 Kg6 41.hxg5 hxg5 42.Rh1 Ne7 43.Rh5 Bh6
44.gxf4 exf4 45.Rb1 Ng8 46.Bd4 Ne7 47.Rbh1 Ng8 48.e5 Rxd5 49.cxd5 Rc2 50.Rxh6+ Nxh6+
51.Rxh6+ Kxh6 52.Kf5 Kg7 53.e6+ Kf8 54.d6  1-0

[Event "Miguel Najdorf Open A"]
[Site "Warsaw POL"]
[Date "2012.08.06"]
[Round "1.2"]
[White "Romanishin,O"]
[Black "Jarmula,L"]
[Result "1-0"]
[WhiteElo "2509"]
[BlackElo "2149"]

1.Nf3 Nf6 2.g3 g6 3.c4 Bg7 4.Bg2 O-O 5.O-O c6 6.d4 d5 7.Qb3 Qb6 8.Nc3 Rd8
9.c5 Qxb3 10.axb3 Na6 11.Bf4 Nd7 12.Rfd1 Re8 13.h3 f6 14.e4 e5 15.Be3 dxe4
16.Nxe4 Bf8 17.dxe5 fxe5 18.Rxd7 Bxd7 19.Nf6+ Kf7 20.Nxd7 Bg7 21.Rd1 h6 22.Bf1 Re7
23.Rd6 e4 24.Bxa6  1-0

[Event "113th US Open 2012"]
[Site "Vancouver USA"]
[Date "2012.08.07"]
[Round "4"]
[White "Hall,B"]
[Black "Airapetian,C"]
[Result "1-0"]
[WhiteElo "1996"]
[BlackElo "2107"]

1.Nf3 Nf6 2.c4 g6 3.g3 Bg7 4.Bg2 O-O 5.O-O d6 6.Nc3 e5 7.d3 Nc6 8.Rb1 a5
9.a3 Bg4 10.h3 Bd7 11.Bg5 Qc8 12.Bxf6 Bxf6 13.Nd5 Bg7 14.b4 axb4 15.axb4 Re8
16.Kh2 Ne7 17.Nxe7+ Rxe7 18.Qd2 e4 19.dxe4 Rxe4 20.Rbc1 Ra3 21.e3 h6 22.b5 Re8
23.Nd4 Qa8 24.b6 c5 25.Nb5 Bxb5 26.cxb5 Rb3 27.Qxd6 Rxb5 28.Qc7 Be5 29.Qd7 Rxb6
30.Rxc5 Rd8 31.Qg4 Bd6 32.Rd5 Qa2 33.Qf3 Be7 34.Rxd8+ Bxd8 35.Rd1 Bf6 36.Rd7 Kg7
37.Qd5 Qxd5 38.Bxd5 Bc3 39.Rxf7+ Kh8 40.Rxb7 Rd6 41.e4 Bd4 42.Kg2 g5 43.f4 gxf4
44.gxf4 Rf6 45.Kf3 Be5 46.Rf7 Rxf7 47.Bxf7 Bb2 48.e5 Kg7 49.Bh5 Kf8 50.Ke4  1-0

[Event "Miguel Najdorf Open A"]
[Site "Warsaw POL"]
[Date "2012.08.08"]
[Round "3.1"]
[White "Romanishin,O"]
[Black "Dragun,K"]
[Result "1/2-1/2"]
[WhiteElo "2509"]
[BlackElo "2465"]

1.Nf3 Nf6 2.c4 g6 3.g3 Bg7 4.Bg2 O-O 5.d4 c6 6.Nc3 d5 7.cxd5 cxd5 8.Ne5 e6
9.O-O Nfd7 10.Nf3 Nc6 11.Qd3 a6 12.e4 dxe4 13.Qxe4 Nf6 14.Qh4 Ne7 15.Bg5 Nf5
16.Qf4 h6 17.Bxf6 Qxf6 18.Rad1 Rd8 19.d5 e5 20.Qb4 Nd6 21.Nd2 b5 22.Nde4 Nxe4
23.Nxe4 Qb6 24.a4 Ra7 25.axb5 Bd7 26.Nc3 Bxb5 27.d6 Rad7 28.Nxb5 Qxb5 29.Qxb5 axb5
30.Rd5 Rxd6 31.Rxb5 Rd2 32.g4 R8d4 33.h3 Rf4 34.f3 Bf6 35.Rf2 Rd7 36.Re2 Rd1+
37.Kh2 Rfd4 38.Kg3 Bg5 39.h4 Bf4+ 40.Kf2 Rc1 41.Rb3 Kg7 42.Rc3 Rb1 43.Rcc2 Rdd1
44.Re4 Rd4 45.Bf1 Rdd1 46.Bg2 Rd6 47.Bf1 Rb6 48.b4 R6xb4 49.Rxb4 Rxb4 50.Bd3 Rd4
51.Be4 Rd6 52.Kg2 h5 53.gxh5 f5 54.Bb7 gxh5 55.Rc7+ Kf6  1/2-1/2

[Event "2nd Riga Tech Open"]
[Site "Riga LAT"]
[Date "2012.08.09"]
[Round "5.11"]
[White "Kanmazalp,O"]
[Black "Hansen,TR"]
[Result "1-0"]
[WhiteElo "2369"]
[BlackElo "2469"]

1.Nf3 Nf6 2.c4 g6 3.g3 Bg7 4.Bg2 O-O 5.O-O d6 6.d4 a6 7.Nc3 Nc6 8.b3 Rb8
9.Nd5 Nxd5 10.cxd5 Nb4 11.e4 f5 12.Ng5 c5 13.dxc6 Nxc6 14.exf5 Bxf5 15.Bd5+ Kh8
16.Be3 Qd7 17.Bg2 d5 18.f4 Qd6 19.g4 Bd7 20.h3 Qb4 21.Bxd5 Nxd4 22.Rc1 Bb5
23.a3 Ne2+ 24.Qxe2 Bxe2 25.axb4 Bxf1 26.Kxf1 Bf6 27.Ne6 Rfc8 28.Rxc8+ Rxc8
29.g5 Bb2 30.Bxb7  1-0

[Event "2nd Riga Tech Open"]
[Site "Riga LAT"]
[Date "2012.08.09"]
[Round "6.9"]
[White "Rausis,I"]
[Black "Berzinsh,R"]
[Result "1/2-1/2"]
[WhiteElo "2507"]
[BlackElo "2392"]

1.Nf3 Nf6 2.g3 g6 3.c4 Bg7 4.Bg2 O-O 5.Nc3 d6 6.d4 Nc6 7.O-O a6 8.Qd3 Rb8
9.d5 Na7 10.a4 c5 11.e4 Ng4 12.h3 Ne5 13.Nxe5 Bxe5 14.f4 Bg7 15.f5 Qc7 16.a5 b5
17.axb6 Qxb6 18.Rf2 Bd7 19.h4 Bd4 20.Be3 Bxe3 21.Qxe3 f6 22.Bh3 Kg7 23.Kh2 Qb7
24.g4 Nc8 25.g5 Nb6 26.b3 Be8 27.fxg6 hxg6 28.Ne2 Nd7 29.Nf4 Bf7 30.Bxd7 Qxd7
31.gxf6+ exf6 32.Qc3 Qe7 33.Rxa6 Ra8 34.Rxa8 Rxa8 35.h5 Rh8 36.Kg1 g5 37.Ne2 Bxh5
38.Ng3 Bg6 39.Rh2 Rh4 40.Rxh4 gxh4 41.Nf5+ Bxf5 42.exf5 Qe4 43.Qh3 Kh6 44.Qh2 Qg4+
45.Kh1 Qf3+ 46.Kg1 h3 47.Qd2+ Kh5 48.Kh2 Kg4 49.b4 cxb4 50.c5 Qg3+ 51.Kh1 Qg2+
52.Qxg2+ hxg2+ 53.Kxg2 b3 54.cxd6 b2 55.d7 b1=Q 56.d8=Q Qc2+ 57.Kh1 Qd1+
58.Kg2 Qf3+ 59.Kg1 Qd1+ 60.Kg2 Qd2+ 61.Kh1 Qe1+ 62.Kg2 Qd2+ 63.Kh1 Qh6+ 64.Kg2 Qd2+
65.Kh1  1/2-1/2

[Event "II Brazil Maringa Open"]
[Site "Maringa BRA"]
[Date "2012.08.11"]
[Round "6.26"]
[White "Aoyama,E"]
[Black "Souza Neves,A"]
[Result "1/2-1/2"]
[WhiteElo "1915"]
[BlackElo "2140"]

1.Nf3 Nf6 2.g3 g6 3.c4 Bg7 4.Bg2 O-O 5.O-O d6 6.d4 Nc6 7.d5 Nb8 8.Nc3 c5
9.Bf4 a6 10.Qd2 Nbd7 11.Rac1 b5 12.cxb5 axb5 13.a3 Qb6 14.Rfe1 b4 15.axb4 Qxb4
16.e4 Ng4 17.h3 Nge5 18.Nxe5 Nxe5 19.Bxe5 Bxe5 20.f4 Qd4+ 21.Qxd4 Bxd4+ 22.Kh2 Rb8
23.Rc2 Ba6 24.Bf1 Bxf1 25.Rxf1 Rb4 26.Re1 Rfb8 27.Ree2 f6 28.Kg2 h5 29.Kf3 g5
30.f5 Kf7 31.Rg2 Rb3 32.Rgd2 R8b4 33.Rd3 Rxb2 34.Rxb2 Rxb2 35.Ne2 Be5 36.g4 h4
37.Ra3 Rb1 38.Kg2 Rb4 39.Kf3 Rb1 40.Kg2 Rb2 41.Kf3 Ke8 42.Ra8+ Kd7 43.Ra7+ Kd8
44.Ra8+ Kc7 45.Ra7+ Rb7 46.Rxb7+ Kxb7 47.Ke3 c4 48.Nd4 Kb6 49.Nc6 Kc5 50.Kd2 Bg3
51.Kc3 Be1+ 52.Kc2 Bg3 53.Kc3 Be5+ 54.Kc2 c3 55.Kd3 Kb5 56.Nxe7 Ka4 57.Kc2 Kb5
58.Nc6 Bf4 59.Kxc3 Kc5 60.Nb8 Be5+ 61.Kd3 Ba1 62.Nd7+ Kb5 63.Nb8 Kc5 64.Nc6 Bb2
65.Kc2 Ba1 66.Kb3 Bd4 67.Nd8 Be5  1/2-1/2

[Event "ch-POR 2012"]
[Site "Pampilhosa da Serra POR"]
[Date "2012.08.11"]
[Round "8.5"]
[White "Rocha,S"]
[Black "Fernandes,Ant"]
[Result "1/2-1/2"]
[WhiteElo "2404"]
[BlackElo "2395"]

1.Nf3 Nf6 2.c4 g6 3.g3 Bg7 4.Bg2 O-O 5.O-O d6 6.d4 Nc6 7.d5 Na5 8.Nbd2 c5
9.e4 Bg4 10.Qc2 a6 11.Rb1 Qd7 12.b3 b5 13.Bb2 Rab8 14.Bc3 Qc7 15.Rfe1 e5
16.dxe6 Bxe6 17.e5 Bf5 18.Qb2 b4 19.exf6 bxc3 20.Qxc3 Bh8 21.Ne4 Qd8 22.Nfd2 Nc6
23.Qe3 Nd4 24.Qg5 Re8 25.g4 Bxe4 26.Nxe4 Re6 27.Re3 Bxf6 28.Nxf6+ Qxf6 29.Qxf6 Rxf6
30.Bd5 Kf8 31.Kg2 h6 32.h4 Re8 33.Rxe8+ Kxe8 34.b4 Ne6 35.Bc6+ Kd8 36.b5 Kc7
37.bxa6 Kxc6 38.a7 Nc7 39.Rb8 Na8 40.Kg3 h5 41.Rxa8 Kb7 42.Rh8 Kxa7 43.gxh5 gxh5
44.Rxh5 Kb6 45.Rh8 Rg6+ 46.Kf3 Rf6+ 47.Ke3 Re6+ 48.Kd3 Rf6 49.h5 Rxf2 50.h6 Kb7
51.h7 Rh2 52.a4 Rh4 53.a5 f5 54.a6+ Ka7 55.Ke3 Re4+ 56.Kf3 Rh4 57.Kg3 Rh6
58.Kf4 Rh5 59.Ke3 Rh3+ 60.Ke2 Rh2+ 61.Kd3 Rh3+ 62.Kc2 Rh2+ 63.Kb3 Rh4 64.Ka3 f4
65.Ka4 f3 66.Kb5 f2 67.Rf8 Rxh7 68.Rxf2 Rh1 69.Rf7+ Ka8 70.Kb6 Rb1+ 71.Kc7 Rc1
72.Rf4 Rd1 73.Kb6 Rb1+ 74.Kc6 Rd1 75.Rf7 Rc1 76.Rf4 Rd1 77.Kb6 Rb1+ 78.Kc7 Rd1
79.a7 Kxa7 80.Rf2 Ra1 81.Kxd6 Rh1 82.Rb2 Rh6+ 83.Kc7 Rh7+ 84.Kc6 Rh6+ 85.Kxc5 Rh5+
86.Kd4 Rh4+ 87.Kc3 Rh3+ 88.Kb4 Kb6 89.Rg2 Rh5 90.Rg6+ Kc7 91.Rf6 Rg5 92.Rh6 Rf5
93.Ra6 Rh5 94.Ra7+ Kb6 95.Ra8 Rh1 96.Rb8+ Kc6 97.Rc8+ Kb6 98.Re8 Rb1+ 99.Kc3 Rc1+
100.Kd3 Kc5 101.Re5+ Kc6 102.Rh5 Rd1+ 103.Kc2 Rg1 104.Kb2 Rg3 105.Rd5 Rh3
106.Kc2 Rf3  1/2-1/2

[Event "16th Izmailov Mem"]
[Site "Tomsk RUS"]
[Date "2012.08.11"]
[Round "5.18"]
[White "Timofeeva,Ekaterina"]
[Black "Tarasov,Sergey Ivan"]
[Result "1-0"]
[WhiteElo "2315"]
[BlackElo "2073"]

1.Nf3 Nf6 2.c4 g6 3.g3 Bg7 4.Bg2 O-O 5.d4 d6 6.Nc3 Nbd7 7.O-O e5 8.e4 Re8
9.h3 exd4 10.Nxd4 Nc5 11.Re1 a5 12.b3 Nfd7 13.Be3 c6 14.Qc2 a4 15.b4 Na6
16.a3 Ne5 17.Nxa4 c5 18.Nb5 Be6 19.Rad1 Nxc4 20.Nxc5 Nxe3 21.Rxe3 Nxc5 22.bxc5 Qa5
23.Nxd6 Re7 24.e5 Rb8 25.Kh2 h5 26.f4 Rc7 27.Rc3 h4 28.gxh4 Bh6 29.Rf1 b6
30.f5 gxf5 31.Nxf5 Bxf5 32.Rxf5 Rxc5 33.Rg3+ Bg7 34.Qb3  1-0

[Event "113th US Open 2012"]
[Site "Vancouver USA"]
[Date "2012.08.11"]
[Round "8"]
[White "Mulyar,M"]
[Black "Sheng,Joshua"]
[Result "1-0"]
[WhiteElo "2378"]
[BlackElo "1902"]

1.c4 Nf6 2.Nf3 g6 3.g3 Bg7 4.Bg2 O-O 5.O-O d6 6.d4 Nc6 7.Nc3 a6 8.Nd5 Rb8
9.Nxf6+ Bxf6 10.Bh6 Re8 11.Rc1 Bg4 12.d5 Bxf3 13.exf3 Nd4 14.Bd2 c5 15.dxc6 Nxc6
16.b3 Qd7 17.f4 Rec8 18.Be3 b5 19.c5 Rd8 20.cxd6 Nb4 21.a3 Na2 22.Rc6 Nc3
23.Qd3 Rbc8 24.Rxa6 exd6 25.Bf3 Bg7 26.a4 bxa4 27.bxa4 Nxa4 28.Ra7 Rc7 29.Bg4 Qc6
30.Ra6 Qc4 31.Qxc4 Rxc4 32.Rd1 d5 33.Bf3 Nc3 34.Rd3 d4 35.Bd2 Kf8 36.h4 Nb1
37.Ba5 Rdc8 38.Rb3 Nc3 39.Rb7 Kg8 40.Raa7 d3 41.Rxf7 Bd4 42.Rad7 d2 43.Bxc3 Rxc3
44.Rfe7 Rxf3 45.Rxd4 Rc1+ 46.Kg2 Rxg3+ 47.fxg3 d1=Q 48.Rxd1 Rxd1 49.h5 Rd2+
50.Kh3 gxh5 51.Re5 Kg7 52.Rxh5 Kg6 53.Rg5+ Kf6 54.Kg4 Rd1 55.Ra5 Kg6 56.Ra6+ Kg7
57.Kg5 Rf1 58.Ra7+ Kg8 59.Kf6 h6 60.Kg6 Kf8 61.Kxh6 Rg1 62.Ra3 Kf7 63.Kg5  1-0

[Event "113th US Open 2012"]
[Site "Vancouver USA"]
[Date "2012.08.12"]
[Round "9"]
[White "Yu,C"]
[Black "Mo,Kevin"]
[Result "0-1"]
[WhiteElo "2167"]
[BlackElo "2243"]

1.Nf3 Nf6 2.c4 g6 3.g3 Bg7 4.Bg2 O-O 5.O-O d6 6.Nc3 e5 7.Qc2 h6 8.Rd1 Nc6
9.d4 Bf5 10.Qb3 Qc8 11.dxe5 dxe5 12.Nd5 Nd7 13.Be3 Re8 14.Rd2 a5 15.Qa4 Ncb8
16.Rc1 c6 17.Nb6 Nxb6 18.Bxb6 Nd7 19.Be3 Qc7 20.Rdd1 Bf8 21.c5 Nf6 22.Nd2 Nd5
23.Nc4 Nxe3 24.Nxe3 Be6 25.a3 Red8 26.Rxd8 Rxd8 27.b4 axb4 28.axb4 Rd2 29.Kf1 Qd7
30.Rd1 Bc4 31.Bf3 e4 32.Rxd2 Qxd2 33.Bxe4 Bxe2+ 34.Kg2 Bb5 35.Qa8 Qxb4 36.Bf3 h5
37.g4 h4 38.g5 Qxc5 39.Qxb7 Qxg5+ 40.Kh3 Qf6 41.Bg2 Qxf2 42.Ng4 Qf5 43.Kxh4 g5+
44.Kh3  0-1

[Event "2nd Split Open 2012"]
[Site "Split CRO"]
[Date "2012.08.13"]
[Round "3.15"]
[White "Thiel,K"]
[Black "Zsinka,L"]
[Result "1-0"]
[WhiteElo "2215"]
[BlackElo "2291"]

1.Nf3 Nf6 2.c4 g6 3.g3 Bg7 4.Bg2 O-O 5.O-O d6 6.d4 Nc6 7.Nc3 Bg4 8.d5 Na5
9.Nd2 c5 10.Qc2 a6 11.h3 Bd7 12.b3 b5 13.Bb2 Rb8 14.Kh2 e5 15.dxe6 Bxe6 16.cxb5 axb5
17.Rad1 d5 18.Nde4 c4 19.Nxf6+ Qxf6 20.Na4 d4 21.Bxd4 Qxd4 22.Rxd4 Bxd4 23.Qd2 bxa4
24.Qxd4 axb3 25.Qe5 b2 26.Be4 Nc6 27.Qc3 f5 28.Bc2 Nb4 29.Qxb2 Nxc2 30.Qxc2 Rfc8
31.Qc3 Kf7 32.Rd1 Rb6 33.g4 fxg4 34.hxg4 Rcc6 35.g5  1-0

[Event "2nd Split Open 2012"]
[Site "Split CRO"]
[Date "2012.08.15"]
[Round "5.47"]
[White "Petek,Pr"]
[Black "Dzaja,M"]
[Result "1-0"]
[WhiteElo "2106"]
[BlackElo "1934"]

1.c4 Nf6 2.g3 g6 3.Bg2 Bg7 4.Nf3 O-O 5.O-O Nc6 6.Nc3 d6 7.d3 e5 8.Rb1 a5
9.a3 Re8 10.Bg5 h6 11.Bxf6 Bxf6 12.Nd2 Bg7 13.Nd5 Ne7 14.b4 axb4 15.axb4 c6
16.Nxe7+ Rxe7 17.Qb3 Be6 18.e4 Rd7 19.Qc2 d5 20.exd5 cxd5 21.c5 Rc7 22.Qd1 b6
23.Nb3 bxc5 24.Nxc5 Qc8 25.Qb3 Rb8 26.Nxe6 fxe6 27.Qa4 Rc3 28.b5 Rxd3 29.Rfc1 Qd7
30.Qa6 Rf8 31.Bh3 Qd8 32.Qxe6+ Kh7 33.Rc8 Qxc8 34.Qxc8 Rxc8 35.Bxc8 Rc3 36.Be6 Rc7
37.b6 Rb7 38.Bxd5 Rb8 39.b7 Bf8 40.Rc1 h5 41.Rc7+ Kh6 42.Be6 Ba3 43.Bc8 Kg5
44.h4+ Kf6 45.Rc6+ Kg7 46.Kg2 Bb2 47.Kf3 Bd4 48.Rc2 Kf6 49.Ke4 Ke7 50.Kd5 Kf6
51.Ra2 Bb6 52.Ra8 Bc7 53.Kc6  1-0

[Event "11th Lichtenberger Sommer 2012"]
[Site "Berlin GER"]
[Date "2012.08.18"]
[Round "1.75"]
[White "Theilig,Reinhard"]
[Black "Peschke,U"]
[Result "0-1"]
[WhiteElo "1722"]
[BlackElo "2054"]

1.Nf3 Nf6 2.c4 g6 3.g3 Bg7 4.Bg2 O-O 5.Nc3 c5 6.O-O Nc6 7.a3 d5 8.cxd5 Nxd5
9.e4 Nc7 10.Re1 Ne6 11.Rb1 Ned4 12.b4 Bg4 13.h3 Nxf3+ 14.Bxf3 Bxf3 15.Qxf3 Ne5
16.Qe2 Nd3 17.Rf1 c4 18.Nd5 e6 19.Nf4 Rc8 20.Nxd3 cxd3 21.Qd1 Rc2 22.Rb3 Qd4
23.Qf3 Qc4 24.Rxd3 Rxc1 25.Rd7 Qxf1+  0-1